Laddar...

Principles of genetics

Bibliografiska uppgifter
Huvudupphovsman: Gardner, E J
Materialtyp: Printed Book
Språk:Undetermined
English
Publicerad: New Delhi Wiley Eastern Limited 1972
Upplaga:3
Ämnen:
LEADER 00557nam a2200181Ia 4500
008 140306s9999 xx 000 0 und d
041 |a eng 
082 |a 575.1  |b GAR/PR 
100 |a Gardner, E J 
245 |a Principles of genetics 
250 |a 3 
260 |a New Delhi  |b Wiley Eastern Limited  |c 1972 
300 |a 518 
650 |a Chromosomes 
650 |a Sex determination 
942 |2 ddc  |c BK 
999 |c 109118  |d 109118 
952 |0 0  |1 0  |2 ddc  |4 0  |6 575_100000000000000_GARPR  |7 0  |9 106505  |a KAUHCV  |b KAUHCV  |d 2004-03-24  |o 575.1 GAR/PR  |p KAU_HCV-775  |r 2014-03-22  |w 2014-03-22  |y BK